000 00803cam a2200313 i 4500
001 0000861
003 DO-SdBPM
005 20250313094509.0
007 ta
008 100514s 2010 sp a r | 000 p spa d
015 _a
017 _a
_b
020 _a9788466200158
035 _a
040 _aDO-SdBPM
_bspa
_cBPMSU
_erda
080 _a
082 4 _a808.83
_bS619 2010
_222
242 _a
245 0 3 _aLa sirenita.
_h
260 _aMadrid, EspaƱa :
_bEditorial Libsa,
_c2010.
300 _a[16] p.:
_bil.
_c24 cm.
336 _atexto
_b txt
_2[rdacontent]
490 1 _aEsmeralda
650 4 _aCuentos infantiles
650 4 _aEncantamientos
_vCuentos infantiles
650 4 _aCuentos infantiles adaptaciones
910 _aVMateo V. Control de calidad. BPMSU
942 _2ddc
_cBK
999 _c12241
_d12241